Five year plan, Bihar (Record no. 508292)
[ view plain ]
| 000 -LEADER | |
|---|---|
| fixed length control field | 00369cam a22001217a 4500 |
| 008 - FIXED-LENGTH DATA ELEMENTS--GENERAL INFORMATION | |
| fixed length control field | 180718b1954 xxu||||| |||| 00| 0 eng d |
| 082 ## - DEWEY DECIMAL CLASSIFICATION NUMBER | |
| Classification number | T000x5413 |
| 100 ## - MAIN ENTRY--PERSONAL NAME | |
| Personal name | India. Department of Public Relations |
| 9 (RLIN) | 3537 |
| 245 ## - TITLE STATEMENT | |
| Title | Five year plan, Bihar |
| Statement of responsibility, etc | by Department of Public Relations |
| 260 ## - PUBLICATION, DISTRIBUTION, ETC. (IMPRINT) | |
| Place of publication, distribution, etc | Patna |
| Name of publisher, distributor, etc | Department of Public Relations |
| Date of publication, distribution, etc | 1954 |
| 300 ## - PHYSICAL DESCRIPTION | |
| Extent | 25p. |
| 942 ## - ADDED ENTRY ELEMENTS (KOHA) | |
| Source of classification or shelving scheme | |
No items available.
